Groundwater Modeling / (Record no. 615900)

000 -LEADER
fixed length control field 00520nam a22001817a 4500
003 - CONTROL NUMBER IDENTIFIER
control field NUST
005 - DATE AND TIME OF LATEST TRANSACTION
control field 20260122162142.0
008 - FIXED-LENGTH DATA ELEMENTS--GENERAL INFORMATION
fixed length control field 260122b ||||| |||| 00| 0 eng d
020 ## - INTERNATIONAL STANDARD BOOK NUMBER
International Standard Book Number 978-0470231975
082 ## - DEWEY DECIMAL CLASSIFICATION NUMBER
Classification number 551.49
100 ## - MAIN ENTRY--PERSONAL NAME
Personal name Pinder, George F.
9 (RLIN) 132883
245 ## - TITLE STATEMENT
Title Groundwater Modeling /
Remainder of title Using Geographical Information Systems /
Statement of responsibility, etc. Pinder, George F.
250 ## - EDITION STATEMENT
Edition statement 1st Edition
260 ## - PUBLICATION, DISTRIBUTION, ETC.
Place of publication, distribution, etc. Canada:
Name of publisher, distributor, etc. John Wiley & Sons,
Date of publication, distribution, etc. 2002.
300 ## - PHYSICAL DESCRIPTION
Extent 232 p ;
Dimensions 9.5 inch.
563 ## - BINDING INFORMATION
Binding note Hardcover
942 ## - ADDED ENTRY ELEMENTS (KOHA)
Source of classification or shelving scheme
Koha item type Book
Holdings
Withdrawn status Lost status Source of classification or shelving scheme Damaged status Not for loan Permanent Location Current Location Date acquired Total Checkouts Full call number Barcode Date last seen Price effective from Koha item type
          Institute of Geographical Information Systems (IGIS) Institute of Geographical Information Systems (IGIS) 01/22/2026   551.49 IGIS-10 01/22/2026 01/22/2026 Book
          Institute of Geographical Information Systems (IGIS) Institute of Geographical Information Systems (IGIS) 01/22/2026   551.49 IGIS-11 01/22/2026 01/22/2026 Book
          Institute of Geographical Information Systems (IGIS) Institute of Geographical Information Systems (IGIS) 01/22/2026   551.49 IGIS-12 01/22/2026 01/22/2026 Book
          Institute of Geographical Information Systems (IGIS) Institute of Geographical Information Systems (IGIS) 01/22/2026   551.49 IGIS-13 01/22/2026 01/22/2026 Book
          Institute of Geographical Information Systems (IGIS) Institute of Geographical Information Systems (IGIS) 01/22/2026   551.49 IGIS-127 01/22/2026 01/22/2026 Book
© 2023 Central Library, National University of Sciences and Technology. All Rights Reserved.